| 000 | 01571nam a2200397 i 4500 | ||
|---|---|---|---|
| 001 | 11463 | ||
| 003 | KOSZ 005 | ||
| 005 | 20221230131747.0 | ||
| 008 | 071006s1968 pl a f 000 0 pol | ||
| 015 | _aPB 1968/10156 | ||
| 040 |
_aWA N _cWA N _dKOSZ 005/RW _dKOSZ 005/HR |
||
| 041 | 0 |
_apol _beng _brus |
|
| 046 | _k1968 | ||
| 080 | _a69:331.87 | ||
| 100 | 1 |
_aPondarzewski, Marian _eAutor |
|
| 245 | 1 | 0 |
_aPróba oceny warunków i wyników ekonomicznych stosowania pracy wielozmianowej w przedsiębiorstwach budowlano-montażowych / _cMarian Pondarzewski. |
| 260 |
_aWarszawa : _bOśrodek Informacji Naukowo-Technicznej i Ekonomicznej IOMB, _c1968. |
||
| 300 |
_a112 s. : _bil., err. ; _c23 cm. |
||
| 336 |
_2rdacontent _aTekst _btxt |
||
| 337 |
_2rdamedia _aBez urządzenia pośredniczącego _bn |
||
| 338 |
_2rdacarrier _aWolumin _bnc |
||
| 380 | _aKsiążki | ||
| 388 | _a1901-2000 | ||
| 388 | _a1945-1989 | ||
| 490 | 1 |
_aInstytut Organizacji i Mechanizacji Budownictwa ; _vnr 560. |
|
| 546 | _aStreszcz. ang., ros. | ||
| 650 | 4 | _aEkonomika przedsiębiorstwa | |
| 650 | 4 | _aProduktywność pracy | |
| 650 | 4 | _aPrzedsiębiorstwo budowlane | |
| 658 | _aArchitektura i budownictwo | ||
| 658 | _aGospodarka, ekonomia, finanse | ||
| 710 | 2 |
_aOśrodek Informacji Naukowo-Technicznej i Ekonomicznej IOMB _4pbl. |
|
| 830 | 0 |
_aInstytut Organizacji i Mechanizacji Budownictwa _vnr 560 |
|
| 856 |
_uhttp://koha.tu.koszalin.pl/cgi-bin/koha/opac-detail.pl?biblionumber=11463 _yKatalog online BPK |
||
| 942 |
_2UKD _cKS |
||
| 999 |
_c11463 _d11463 |
||